प्रसाद : (Record no. 118579)
[ view plain ]
| 000 -LEADER | |
|---|---|
| fixed length control field | 01134nam a22002537a 4500 |
| 005 - DATE AND TIME OF LATEST TRANSACTION | |
| control field | 20170124103116.0 |
| 010 ## - LIBRARY OF CONGRESS CONTROL NUMBER | |
| LC control number | A-849910 |
| 020 ## - INTERNATIONAL STANDARD BOOK NUMBER | |
| Terms of availability | 250.00 |
| International Standard Book Number | 8121406056 |
| 035 ## - SYSTEM CONTROL NUMBER | |
| System control number | A-849910 |
| 037 ## - SOURCE OF ACQUISITION | |
| Source of stock number/acquisition | Cen Lib/Ret |
| 040 ## - CATALOGING SOURCE | |
| Original cataloging agency | DPL |
| Language of cataloging | HN |
| 082 ## - DEWEY DECIMAL CLASSIFICATION NUMBER | |
| Classification number | 821.08 |
| Item number | प्रसाद |
| 100 ## - MAIN ENTRY--PERSONAL NAME | |
| Personal name | लोढ़ा, कल्याण |
| 9 (RLIN) | 80949 |
| 245 ## - TITLE STATEMENT | |
| Title | प्रसाद : |
| Statement of responsibility, etc | कल्याण लोढ़ा |
| Remainder of title | सृष्टि और दृष्टि / |
| 246 ## - VARYING FORM OF TITLE | |
| Title proper/short title | Prasad : sarishti aur darishti / |
| Remainder of title | by Kalyan Lorha |
| 260 ## - PUBLICATION, DISTRIBUTION, ETC. (IMPRINT) | |
| Place of publication, distribution, etc | नयी दिल्ली |
| Name of publisher, distributor, etc | नेशनल पब्लिशिंग हाउस |
| Date of publication, distribution, etc | 1996 |
| 270 ## - ADDRESS | |
| City | नयी दिल्ली |
| Address | 2/35, अंसारी रोड, दरियागंज |
| Postal code | 110002 |
| 300 ## - PHYSICAL DESCRIPTION | |
| Extent | xv,261पृ. |
| Dimensions | 21सेमी(सजिल्द ) |
| 650 ## - SUBJECT ADDED ENTRY--TOPICAL TERM | |
| Topical term or geographic name as entry element | साहित्य--नाटक |
| General subdivision | |
| Geographic subdivision | |
| 9 (RLIN) | 80950 |
| 650 ## - SUBJECT ADDED ENTRY--TOPICAL TERM | |
| Topical term or geographic name as entry element | हिन्दी--छायावादी साहित्य |
| 9 (RLIN) | 80951 |
| 650 ## - SUBJECT ADDED ENTRY--TOPICAL TERM | |
| Topical term or geographic name as entry element | Literature--Drama |
| 9 (RLIN) | 80952 |
| 650 ## - SUBJECT ADDED ENTRY--TOPICAL TERM | |
| Topical term or geographic name as entry element | Hindi--chayavadi Literature |
| 9 (RLIN) | 80953 |
| 942 ## - ADDED ENTRY ELEMENTS (KOHA) | |
| Source of classification or shelving scheme | Dewey Decimal Classification |
| Koha item type | Hindi Books |
| Classification part | 821.08 |
| Call number suffix | प्रसाद |
| Withdrawn status | Lost status | Damaged status | Not for loan | Home library | Current library | Date acquired | Source of acquisition | Cost, normal purchase price | Total Checkouts | Total Renewals | Full call number | Barcode | Date last seen | Date checked out | Copy number | Cost, replacement price | Price effective from | Koha item type |
|---|---|---|---|---|---|---|---|---|---|---|---|---|---|---|---|---|---|---|
| Central Library | Central Library | 12/09/2015 | Cen Lib/Ref | 250.00 | 2 | 1 | 821.08 प्रसाद | A-849910 | 09/11/2018 | 11/10/2018 | 1 | 250.00 | 12/09/2015 | Hindi Books |
